Heredity (Record no. 23620)

MARC details
000 -LEADER
fixed length control field 00380nam a2200157Ia 4500
082 ## - DEWEY DECIMAL CLASSIFICATION NUMBER
Classification number 575.1
Item number BON
100 ## - MAIN ENTRY--AUTHOR NAME
Personal name BONNER, Mills
245 #0 - TITLE STATEMENT
Title Heredity
250 ## - EDITION STATEMENT
Edition statement Ed.2
260 ## - PUBLICATION, DISTRIBUTION, ETC. (IMPRINT)
Place of publication New Delhi
Name of publisher Prentice Hall
Year of publication 1973
490 ## - SERIES STATEMENT
Series statement Foundations of modern biology series
650 ## - SUBJECT ADDED ENTRY--TOPICAL TERM
Topical Term Genetics
650 ## - SUBJECT ADDED ENTRY--TOPICAL TERM
Topical Term Heredity
942 ## - ADDED ENTRY ELEMENTS (KOHA)
Koha item type Books
Holdings
Withdrawn status Lost status Damaged status Not for loan Home library Current library Date acquired Full call number Accession Number Koha item type
        RRII Library RRII Library 16/12/2021 575.1 BON 04318 Books